Four times around the track / (Record no. 9801)

MARC details
000 -LEADER
fixed length control field 01020nam a22002537a 4500
001 - CONTROL NUMBER
control field 9801
003 - CONTROL NUMBER IDENTIFIER
control field FISKH
005 - DATE AND TIME OF LATEST TRANSACTION
control field 20260226095302.0
008 - FIXED-LENGTH DATA ELEMENTS--GENERAL INFORMATION
fixed length control field 260226b cb ||||| |||| 00| 0 eng d
020 ## - INTERNATIONAL STANDARD BOOK NUMBER
International Standard Book Number 9780478265026
040 ## - CATALOGING SOURCE
Original cataloging agency FISKH
Language of cataloging eng
Transcribing agency FISKH
Modifying agency FISKH
082 ## - DEWEY DECIMAL CLASSIFICATION NUMBER
Classification number 823
100 ## - MAIN ENTRY--PERSONAL NAME
Personal name Werry , Philippa
245 ## - TITLE STATEMENT
Title Four times around the track /
Statement of responsibility, etc. Philippa Werry : illustrated by Darcy Solia
260 ## - PUBLICATION, DISTRIBUTION, ETC.
Place of publication, distribution, etc. Wellington :
Name of publisher, distributor, etc. Learning Media ,
Date of publication, distribution, etc. 2002.
300 ## - PHYSICAL DESCRIPTION
Extent 8 pages :
Other physical details color illustrations ;
Dimensions 19 cm .
505 ## - FORMATTED CONTENTS NOTE
Formatted contents note N <br/>
520 ## - SUMMARY, ETC.
Summary, etc. This book is about a child who takes part in a race running four times around the track. During the race, he feels nervous and unsure of himself, but he tries to be patient, keeps running, and does not give up. Through hard work and encouragement, he finishes the race and gains greater confidence in himself.
521 8# - TARGET AUDIENCE NOTE
Target audience note 550 <br/>
Source Lexile estimate <br/>
521 8# - TARGET AUDIENCE NOTE
Target audience note N <br/>
Source Raz-Plus <br/>
700 ## - ADDED ENTRY--PERSONAL NAME
Personal name Solia , Darcy
Relator term Illustrator
942 ## - ADDED ENTRY ELEMENTS (KOHA)
Source of classification or shelving scheme Dewey Decimal Classification
Koha item type Books
Suppress in OPAC No
Holdings
Withdrawn status Lost status Source of classification or shelving scheme Damaged status Not for loan Collection Home library Current library Shelving location Date acquired Total Checkouts Full call number Barcode Date last seen Price effective from Koha item type
    Dewey Decimal Classification     Juvenile Fiction Footprints International School Library Network Toul Tom Poung Campus Footprints International School Library Network Toul Tom Poung Campus TTP Primary Yellow Bookshelves 02/26/2026   WER 823 2026-0273 02/26/2026 02/26/2026 Books